000 00252nam a2200109Ia 4500
008 220204s9999 xx 000 0 und d
082 _a82-3
_bGOL
100 _aGoldberg, Marshall
245 0 _aSkeletons
260 _aToronto
_bBantam
_c1979
942 _cBK
999 _c35128
_d35128